000 00830nam a2200241Ia 4500
003 OSt
005 20220930070024.0
006 a|||||r|||| 00| 0
007 ta
008 220926b |||||||| |||| 00| 0 eng d
024 _a6417
037 _cTheses
040 _aCRL
_cCRL
_beng
041 _2eng
_aeng
100 _aRajabi Laleh
_9526673
110 _aUniversity of Delhi. Faculty of Inter-disciplinary and Applied Sciences. Department of Polymer Technology and Applied Chemistry
_9526674
245 0 _aStudies on modified fiber-reinforced composites
260 _c1995
650 _aPOLYMERS
_9440819
700 _aUniversity of Delhi. Faculty of Inter-disciplinary and Applied Sciences. Department of Polymer Technology and Applied Chemistry
_9526675
942 _cDIS
_2CC
999 _c860339
_d860339